000 00441nam a22001817a 4500
003 NUST
020 _a9780070667174
038 _akhadija
082 _a620.1
_bSMI
100 _aSmith, Willliam F.
_987242
245 _aMaterials Science and Engineering /
_cWilliam F Smith
250 _a4th
260 _aNew Delhi :
_bTata McGraw Hill,
_c2011.
300 _a942 p. ;
_b26 cm.
500 _aPaperback.
563 _aPB
942 _cBK
_2ddc
999 _c32728
_d32728